The Building Regulations 2010 (Record no. 115408)

MARC details
000 -LEADER
fixed length control field 01457cam a2200349 4500
001 - CONTROL NUMBER
control field L158598
008 - FIXED-LENGTH DATA ELEMENTS--GENERAL INFORMATION
fixed length control field 030317n2013 000 0 eng u
020 ## - INTERNATIONAL STANDARD BOOK NUMBER
International Standard Book Number 9781859465097
035 ## - SYSTEM CONTROL NUMBER
System control number (Sirsi) u158598
041 0# - LANGUAGE CODE
Language code of text/sound track or separate title eng
050 ## - LIBRARY OF CONGRESS CALL NUMBER
Classification number 692.2
-- 18
110 ## - MAIN ENTRY--CORPORATE NAME
Corporate name or jurisdiction name as entry element Department for Environment, Transport and the Regions
9 (RLIN) 4203
240 ## - UNIFORM TITLE
Uniform title Approved Document C
240 ## - UNIFORM TITLE
Uniform title Part C
245 #4 - TITLE STATEMENT
Title The Building Regulations 2010
Remainder of title Approved Document C
-- Site preparation and resistance to contaminates and moisture
Medium [electronic resource]
250 ## - EDITION STATEMENT
Edition statement 2004 Edition incorporating 2010 and 2013 amendments
260 ## - PUBLICATION, DISTRIBUTION, ETC.
Place of publication, distribution, etc. London
Name of publisher, distributor, etc. DCLG
Date of publication, distribution, etc. 2013
505 ## - FORMATTED CONTENTS NOTE
Formatted contents note C1 : site preparation and resistance to contaminants
505 ## - FORMATTED CONTENTS NOTE
Formatted contents note C2 : resistance to moisture
520 ## - SUMMARY, ETC.
Summary, etc. Supersedes the previous 2004 edition by incorporating the changes made as a result of the Building Regulations 2010 and Building (Approved Inspectors etc) Regulations 2010 and the 2013 amendments.
650 ## - SUBJECT ADDED ENTRY--TOPICAL TERM
Topical term or geographic name entry element BUILDING REGULATIONS 2010
650 ## - SUBJECT ADDED ENTRY--TOPICAL TERM
Topical term or geographic name entry element DIRECTIVE 89/106/EEC
650 ## - SUBJECT ADDED ENTRY--TOPICAL TERM
Topical term or geographic name entry element DRAINAGE
650 ## - SUBJECT ADDED ENTRY--TOPICAL TERM
Topical term or geographic name entry element SITE INVESTIGATION
650 ## - SUBJECT ADDED ENTRY--TOPICAL TERM
Topical term or geographic name entry element SITE PREPARATION
650 ## - SUBJECT ADDED ENTRY--TOPICAL TERM
Topical term or geographic name entry element WATERPROOFING
651 #4 - SUBJECT ADDED ENTRY--GEOGRAPHIC NAME
Geographic name ENGLAND AND WALES
690 ## - LOCAL SUBJECT ADDED ENTRY--TOPICAL TERM (OCLC, RLIN)
Topical term or geographic name as entry element Building regulations.
9 (RLIN) 6224
710 ## - ADDED ENTRY--CORPORATE NAME
Corporate name or jurisdiction name as entry element United Kingdom
856 ## - ELECTRONIC LOCATION AND ACCESS
Uniform Resource Identifier <a href="https://www.planningportal.gov.uk/buildingregulations/approveddocuments/partc/documentc#Download">https://www.planningportal.gov.uk/buildingregulations/approveddocuments/partc/documentc#Download</a>
Hours access method available View the Approved Document on the www.planningportal.gov.uk
942 ## - ADDED ENTRY ELEMENTS (KOHA)
Suppress in OPAC 0
Holdings
Withdrawn status Lost status Source of classification or shelving scheme Damaged status Not for loan Home library Current library Shelving location Date acquired Total Checkouts Full call number Barcode Date last seen Copy number Price effective from Koha item type
    Dewey Decimal Classification     Virtual Virtual Online 08/05/2015   ONLINE PUBLICATION 158598-2001 06/08/2019 1 06/08/2019 Book